000 01009nam a22002295i 4500
001 160366
003 ES-MaACL
005 20250930063140.0
008 990505s1894 sp a |||| | spa d
040 _aCCPB | B
_bspa
_cCCPB | B
100 1 _aMuñoz del Castillo, José,
_d1850-1926
_984395
245 1 0 _aCorrección de las cajas de pesas
_b: una práctica de laboratorio /
_cpor José Muñoz del Castillo.
260 _aMadrid :
_b[s.n.],
_c1894 (
_fImp. de la Revista de Navegación y Comercio)
300 _a18, [1] p. :
_bil. ;
_c18 cm.
530 _aDisponible en formato digital.
594 1 _aEn v. de port.: Publicaciones de la revista La Naturaleza.
599 1 _aIl. lit. intercaladas en el texto.
650 7 _aPesos y medidas
_2embne
_9136691
852 _aES-MaACL
_jT-1406-F-4
_z-- Enc. hol., conservando la cub. original
_z-- Enc. en un vol. facticio
856 _uhttp://bdh-rd.bne.es/viewer.vm?id=0000098962&page=1
_zBiblioteca Digital Hispánica
999 _c160366
_d160366